| 000 | 01798cam a2200349 a 4500 | ||
|---|---|---|---|
| 001 | 15768790 | ||
| 005 | 20180109135156.0 | ||
| 008 | 090609s2009 enkab b 001 0 eng | ||
| 010 | _a 2009021623 | ||
| 015 |
_aGBA974263 _2bnb |
||
| 016 | 7 |
_a015336858 _2Uk |
|
| 020 | _a0470772840 (pbk. : alk. paper) | ||
| 020 | _a9780470772843 (pbk. : alk. paper) | ||
| 035 | _a(OCoLC)ocn391348814 | ||
| 040 |
_aDLC _cDLC _dBTCTA _dBWKUK _dYDXCP _dBWX _dCDX _dTTU _dUKM _dDLC |
||
| 050 | 0 | 0 |
_aTP156.E8 _bD435 2009 |
| 082 | 0 | 0 |
_a628.501543 _222 _bDEA |
| 100 | 1 |
_aDean, John R. _923068 |
|
| 245 | 1 | 0 |
_aExtraction Techniques in Analytical Sciences / _cJohn R. Dean. |
| 260 |
_aChichester, U.K. ; _aHoboken, NJ : _bWiley, 2009 _c2009. |
||
| 300 |
_axxvi, 281 p. : _bill., maps ; _c24 cm. |
||
| 490 | 1 |
_aAnalytical Techniques in the Sciences _96259 |
|
| 504 | _aIncludes bibliographical references and indexes. | ||
| 505 | 0 | 0 |
_tPre- and post-extraction considerations -- _tClassical approaches for aqueous extraction -- _tSolid phase extraction -- _tSolid phase microextraction -- _tNew developments in microextraction -- _tClassical approaches for solid-liquid extraction -- _tPressurized fluid extraction -- _tMicrowave-assisted extraction -- _tMatrix solid phase dispersion -- _tAir sampling -- _tComparison of extraction methods -- _tResources for extraction techniques. |
| 650 | 0 |
_aExtraction (Chemistry) _923069 |
|
| 650 | 0 |
_aChemistry, Analytic. _923070 |
|
| 653 |
_bChe _cApril2011 |
||
| 650 | 0 |
_923071 _aEnvironmental monitoring |
|
| 830 | 0 |
_aAnalytical techniques in the sciences. _923072 |
|
| 942 |
_2ddc _cBB |
||
| 999 |
_c15114 _d15114 |
||